Country Quiz: Slovakia 🇸🇰 - Statistics

General Stats
  • This quiz has been taken 44 times
  • The average score is 20 of 30
Answer Stats
Hint Answer % Correct
Time zones 1 (UTC+1)
94%
Between 1867-1918, Slovakia was part of this empire Austria-Hungary
94%
Language and Nationality Slovak
94%
Bordering countries Austria
91%
Capital Bratislava
91%
Between 1918-1990s, Slovakia was part of this country Czechoslovakia
91%
Czech Republic
88%
Currency Euro
88%
Hungary
88%
Poland
88%
Slovakia's capital is the the only capital in the world to ______ two countries Border
82%
Main river Danube
82%
Ukraine
82%
Between 1948-89, Slovakia was ruled by this ideology Communism
76%
Independence 1993
68%
Main Religion Christianity
68%
Second-Largest City Kosice
68%
1/44 Countries to lack access to any ocean, otherwise known as... Landlocked
68%
Member of this western military alliance NATO
68%
Member of this European alliance European Union
62%
Main export (goods) Cars
53%
Most Famous Leader (2006-10, 2012-18 and 2023-) Robert Fico
53%
National Sport Hockey
50%
The break up of this country is known as the _____ divorce, due to its bloodless revolution that ended this country Velvet
44%
State-condition Republic
38%
Nazi leader (1939-45) Jozef Tiso
35%
Climate Temperate
24%
Founding Father L'udovit Štúr
12%
Home to the world’s newest and most accurate ____________ clock Astronomical
9%
National Animal Brown Bear
9%
No matching quizzes found
Score Distribution
Percent of People with Each Score
Percentile by Number Answered
Your Score History
You have not taken this quiz